<?xml version="1.0" encoding="UTF-8"?>
<record
    xmlns:xsi="http://www.w3.org/2001/XMLSchema-instance"
    xsi:schemaLocation="http://www.loc.gov/MARC21/slim http://www.loc.gov/standards/marcxml/schema/MARC21slim.xsd"
    xmlns="http://www.loc.gov/MARC21/slim">

  <leader>01624nam0a22003731  4500</leader>
  <controlfield tag="001">RU\NLR\A1\20708</controlfield>
  <controlfield tag="005">20251203152403.2</controlfield>
  <datafield tag="035" ind1=" " ind2=" ">
    <subfield code="a">(NLR Aleph) 009676165</subfield>
  </datafield>
  <datafield tag="090" ind1=" " ind2=" ">
    <subfield code="a">13474834</subfield>
    <subfield code="c">13474834</subfield>
  </datafield>
  <datafield tag="100" ind1=" " ind2=" ">
    <subfield code="a">19990724d1797    u  y0rusy50      ca</subfield>
  </datafield>
  <datafield tag="101" ind1="0" ind2=" ">
    <subfield code="a">rus</subfield>
    <subfield code="a">grc</subfield>
    <subfield code="a">lat</subfield>
    <subfield code="a">ger</subfield>
    <subfield code="a">fre</subfield>
  </datafield>
  <datafield tag="102" ind1=" " ind2=" ">
    <subfield code="a">RU</subfield>
  </datafield>
  <datafield tag="200" ind1="1" ind2=" ">
    <subfield code="a">&#x422;&#x43E;&#x440;&#x436;&#x435;&#x441;&#x442;&#x432;&#x43E; &#x41B;&#x430;&#x432;&#x440;&#x441;&#x43A;&#x438;&#x445; &#x43C;&#x443;&#x437;, &#x432;&#x441;&#x435;&#x43C;&#x438;&#x43B;&#x43E;&#x441;&#x442;&#x438;&#x432;&#x435;&#x439;&#x448;&#x438;&#x43C; &#x43F;&#x43E;&#x441;&#x435;&#x449;&#x435;&#x43D;&#x438;&#x435;&#x43C; &#x41F;&#x430;&#x432;&#x43B;&#x430; &#x41F;&#x435;&#x440;&#x432;&#x430;&#x433;&#x43E;... &#x43E;&#x431;&#x440;&#x430;&#x434;&#x43E;&#x432;&#x430;&#x43D;&#x43D;&#x44B;&#x445;, &#x435;&#x433;&#x43E; &#x438;&#x43C;&#x43F;. &#x432;&#x435;&#x43B;&#x438;&#x447;&#x435;&#x441;&#x442;&#x432;&#x443; &#x441; &#x431;&#x43B;&#x430;&#x433;&#x43E;&#x433;&#x43E;&#x432;&#x435;&#x43D;&#x438;&#x435;&#x43C; &#x438;&#x437;&#x44A;&#x44F;&#x432;&#x43B;&#x44F;&#x44E;&#x449;&#x438;&#x445; &#x441;&#x432;&#x43E;&#x438; &#x432;&#x441;&#x435;&#x440;&#x430;&#x434;&#x43E;&#x441;&#x442;&#x43D;&#x44B;&#x44F; &#x438; &#x431;&#x43B;&#x430;&#x433;&#x43E;&#x434;&#x430;&#x440;&#x43D;&#x44B;&#x44F; &#x447;&#x443;&#x432;&#x441;&#x442;&#x432;&#x438;&#x44F;.</subfield>
    <subfield code="e">1797 &#x433;&#x43E;&#x434;&#x430;, &#x430;&#x43F;&#x440;&#x435;&#x43B;&#x44F; &#x434;&#x43D;&#x44F;</subfield>
  </datafield>
  <datafield tag="210" ind1=" " ind2=" ">
    <subfield code="a">&#x41C;.</subfield>
    <subfield code="c">&#x423;&#x43D;&#x438;&#x432;. &#x442;&#x438;&#x43F;., &#x443; &#x425;&#x440;.&#x420;&#x438;&#x434;&#x438;&#x433;&#x435;&#x440;&#x430; &#x438; &#x425;&#x440;.&#x41A;&#x43B;&#x430;&#x443;&#x434;&#x438;&#x44F;</subfield>
    <subfield code="d">[1797]</subfield>
  </datafield>
  <datafield tag="215" ind1=" " ind2=" ">
    <subfield code="a">39 &#x441;.</subfield>
    <subfield code="d">4&#xB0;</subfield>
  </datafield>
  <datafield tag="300" ind1=" " ind2=" ">
    <subfield code="a">&#x421;&#x442;&#x438;&#x445;&#x438; &#x438; &#x440;&#x435;&#x447;&#x438;</subfield>
  </datafield>
  <datafield tag="303" ind1=" " ind2=" ">
    <subfield code="a">&#x422;&#x435;&#x43A;&#x441;&#x442; &#x43D;&#x430; &#x440;&#x443;&#x441;., &#x43B;&#x430;&#x442;., &#x433;&#x440;&#x435;&#x447;., &#x43D;&#x435;&#x43C;. &#x438; &#x444;&#x440;. &#x44F;&#x437;.</subfield>
  </datafield>
  <datafield tag="321" ind1="1" ind2=" ">
    <subfield code="a">&#x421;&#x41A; XVIII 7297</subfield>
  </datafield>
  <datafield tag="600" ind1=" " ind2="0">
    <subfield code="a">&#x41F;&#x430;&#x432;&#x435;&#x43B;</subfield>
    <subfield code="c">&#x438;&#x43C;&#x43F;.</subfield>
    <subfield code="d">I</subfield>
    <subfield code="f">1754-1801</subfield>
  </datafield>
  <datafield tag="620" ind1=" " ind2=" ">
    <subfield code="d">&#x41C;&#x43E;&#x441;&#x43A;&#x432;&#x430;</subfield>
  </datafield>
  <datafield tag="702" ind1=" " ind2="1">
    <subfield code="a">&#x420;&#x438;&#x434;&#x438;&#x433;&#x435;&#x440;</subfield>
    <subfield code="b">&#x425;.</subfield>
    <subfield code="g">&#x425;&#x440;&#x438;&#x441;&#x442;&#x438;&#x430;&#x43D;</subfield>
    <subfield code="4">610</subfield>
  </datafield>
  <datafield tag="702" ind1=" " ind2="1">
    <subfield code="a">&#x41A;&#x43B;&#x430;&#x443;&#x434;&#x438;&#x439;</subfield>
    <subfield code="b">&#x425;.&#x410;.</subfield>
    <subfield code="f">-1805</subfield>
    <subfield code="g">&#x425;&#x440;&#x438;&#x441;&#x442;&#x43E;&#x444;&#x43E;&#x440; &#x410;&#x43B;&#x435;&#x43A;&#x441;&#x430;&#x43D;&#x434;&#x440;&#x43E;&#x432;&#x438;&#x447;</subfield>
    <subfield code="4">610</subfield>
  </datafield>
  <datafield tag="702" ind1=" " ind2="1">
    <subfield code="a">&#x414;&#x435;&#x440;&#x436;&#x430;&#x432;&#x438;&#x43D;</subfield>
    <subfield code="b">&#x413;.&#x420;.</subfield>
    <subfield code="f">1743-1816</subfield>
    <subfield code="g">&#x413;&#x430;&#x432;&#x440;&#x438;&#x43B;&#x430; &#x420;&#x43E;&#x43C;&#x430;&#x43D;&#x43E;&#x432;&#x438;&#x447;</subfield>
    <subfield code="4">390</subfield>
  </datafield>
  <datafield tag="712" ind1="0" ind2="2">
    <subfield code="a">&#x41C;&#x43E;&#x441;&#x43A;&#x43E;&#x432;&#x441;&#x43A;&#x438;&#x439; &#x443;&#x43D;&#x438;&#x432;&#x435;&#x440;&#x441;&#x438;&#x442;&#x435;&#x442;</subfield>
    <subfield code="b">&#x422;&#x438;&#x43F;&#x43E;&#x433;&#x440;&#x430;&#x444;&#x438;&#x44F;</subfield>
    <subfield code="4">610</subfield>
  </datafield>
  <datafield tag="801" ind1=" " ind2="0">
    <subfield code="a">RU</subfield>
    <subfield code="b">NLR</subfield>
    <subfield code="c">19990724</subfield>
  </datafield>
  <datafield tag="852" ind1=" " ind2=" ">
    <subfield code="a">NLR</subfield>
    <subfield code="b">&#x41E;&#x420;</subfield>
    <subfield code="j">&#x424;.247 (&#x414;&#x435;&#x440;&#x436;&#x430;&#x432;&#x438;&#x43D; &#x413;.&#x420;.). &#x422;.22. 35</subfield>
  </datafield>
  <datafield tag="899" ind1=" " ind2=" ">
    <subfield code="a">&#x420;&#x413;&#x411;</subfield>
  </datafield>
  <datafield tag="899" ind1=" " ind2=" ">
    <subfield code="a">&#x411;&#x410;&#x41D;</subfield>
  </datafield>
  <datafield tag="899" ind1=" " ind2=" ">
    <subfield code="a">&#x41C;&#x413;&#x423;</subfield>
  </datafield>
  <datafield tag="899" ind1=" " ind2=" ">
    <subfield code="a">&#x42F;&#x418;&#x410;&#x41C;&#x417;</subfield>
  </datafield>
  <datafield tag="942" ind1=" " ind2=" ">
    <subfield code="c">BOOK</subfield>
  </datafield>
  <datafield tag="980" ind1=" " ind2=" ">
    <subfield code="a">A1XVIIIv</subfield>
  </datafield>
  <datafield tag="980" ind1=" " ind2=" ">
    <subfield code="a">NB</subfield>
  </datafield>
</record>
